00866nam a22001937a 450000500170000001000190001702000560003603500170009203700130010908200150012224502850013726000400042227000490046230000470051150000510055870000230060970000250063270000150065720150608122858.0 aENG-112795-796 a9788184249521 (set of 2 vols.)c2700.00 (set price) aEN-96327-328 bDBAD/PUB a551.480954 aProceedings of 4th international conference on hydrology and watershed management (ICHWAM-2014) :cedited by K.Ramamohan Reddy, B.Venkateswara Rao [and] C.Saralabwith a focal theme on ecosystem resilience - rural and urban water requirements (29th october - 1st november,2014) / aNew Delhi bAllied Publishersc2014 aA-104 Mayapuri Phase-II,bNew Delhi e110064 a2V.(xix,680p.; xviii,681-1265p.)c26cm(Hb) aIncludes bibliographical references and index  aReddy, K.Ramamohan aRao, B.Venkateswara  aSarala, C.